Difunkčné fluorescenčné značky na báze chromofór-HAS; príprava, spektrálna charakteristika a využitie
Na minha lista:
| Autor principal: | |
|---|---|
| Formato: | Livro |
| Idioma: | eslovaco |
| Publicado em: |
Bratislava
Ústav polymérov SAV
2004
|
| Assuntos: | |
| Acesso em linha: | View in OPAC |
| Tags: |
Sem tags, seja o primeiro a adicionar uma tag!
|
MARC
| LEADER | 00000nam a2200000 a 4500 | ||
|---|---|---|---|
| 005 | 20260127134147.0 | ||
| 008 | 060111 2004 xo 000 0 slo d | ||
| 035 | |a vtls008423246 | ||
| 039 | 9 | |a 202002031803 |b csnk01 |c 201603031521 |d AUTHORITY |y 200601111127 |z mschk03 | |
| 040 | |a STUSCHK1 |b slo |c STUSCHK1 |e AACR2 | ||
| 100 | 1 | |a Kollár, Jozef |4 aut | |
| 245 | 1 | 0 | |a Difunkčné fluorescenčné značky na báze chromofór-HAS; príprava, spektrálna charakteristika a využitie |
| 260 | |a Bratislava |b Ústav polymérov SAV |c 2004 | ||
| 300 | |a 137 s. | ||
| 500 | |a Obháj.: 17.12. 2004 na STU FCHPT v Bratislave | ||
| 650 | 0 | |a fluorescenčné značky |x polymérne systémy | |
| 910 | |a SCHK95 | ||
| 999 | |c 5468 |d 5468 | ||